000
00199nam a22000977a 4500
082
_a
494
_b
ROH/M
245
_a
MACHUVARA AUR JINN
260
_a
DELHI
_b
ROHAN BOOK
650
_a
STORY
_z
DELHI
942
_c
BK
999
_c
4570
_d
4570